000 00749nam a2200229Ii 4500
003 JO-AjNU
008 230605s9999||||xx |||||||||||||| ||und||
017 _a2000/9987
020 _a977-291-219-8
040 _aJO-AjNU
_bara
_erda
_cJO-AjNU
041 _aara
050 1 4 _aPN1992.5 2000
100 3 _aهابي،برنارد ؛ ترجمة عفت عبد العزيز كامل,
_eauthor
_97448
245 0 0 _aالفيلم والمعمل = Your Film and the Lap
250 _aط1
264 3 1 _aالقاهرة: مركز الحضارة العربية، 2000
300 _a212ص
336 _atext
_btxt
_2rdacontent
337 _aunmediated
_bn
_2rdamedia
338 _avolume
_bnc
_2rdacarrier
650 4 _aالأدب العربي - أفلام
_97449
999 _aA284
_c3852
_d3852